000
00341 a2200157 4500
001
13105
020
_a
9788516085476
040
_c
Anchieta - Aquarius
100
_a
Machado, Ana Maria
240
1
0
_a
Fim de semana
_l
por
245
1
0
_a
Fim de semana
300
_a
32
362
0
_a
2013
650
4
_a
Literatura infanto-juvenil
942
_c
BK
999
_c
13105
_d
13105